000 00589nam a2200217Ia 4500
003 OSt
005 20220923230813.0
006 a|||||r|||| 00| 0
007 ta
008 Pun
024 _a305,687
037 _cTextual
040 _aARTS
_cARTS
_bPun
041 _2Pun
_aPun
082 _aQ8441:332xI69:g, 153N0
100 _aਮੋਰੇ, ਗੁਰਚਰਨ
_9156291
245 0 _aਕਿਵ ਕੂੜੇ ਤੁਟੈ ਪਾਲਿ
260 _c1990
942 _hQ8441:332xI69:g, 153N0
_cTEXL
_2CC
999 _c387477
_d387477